Bilecik Bilecik Bilecik Bilecik Bilecik

'Alā' Uddawla Simnānī : (Record no. 66380)

MARC details
000 -BAŞLIK
Sabit Uzunluktaki Kontrol Alanı 01764nam a22004097a 4500
001 - KONTROL NUMARASI
Control Dosyası 0065997
003 - KONTROL NUMARASI KİMLİĞİ
Kontrol Alanı KOHA_MİRAKIL
005 - EN SON İŞLEM TARİHİ ve ZAMANI
Kontrol Alanı 20260207004624.0
007 - FİZİKSEL TANIM SABİT ALAN - GENEL BİLGİ
Sabit uzunluklu kontrol alanı ta
008 - SABİT UZUNLUKTAKİ VERİ ÖGELERİ - GENEL BİLGİ
Sabit Alan 210304b1988 tu |||gr||||#0|||0|ota |
040 ## - KATALOGLAMA KAYNAĞI
Özgün Kataloglama Kurumu TR-BiSEU
Kataloglama Dili tur
Çeviri Kurumu TR-BiSEU
Açıklama Kuralları rda
041 0# - DİL KODU
Metin ya da ses kaydının dil kodu ota
044 ## - YAYINLAYAN/ÜRETEN KURULUŞUN ÜLKE KODU
ISO country code tu
050 ## - SINIFLAMA ve YER NUMARASI
Sınıflama Numarası BP189.23
Yer Numarası .S56 1988
100 1# - KİŞİ ADI
Yazar Adı (Kişi adı) Simnānī, Aḥmad ibn Muḥammad.
240 10 - TEK BİÇİM BAŞLIK
Tekbiçim Başlık <a href="'Alâ' Üddevle Simnânî : küçük eserleri">'Alâ' Üddevle Simnânî : küçük eserleri</a>
Language of a work Osmanlıca
245 1# - ESER ADI BİLDİRİMİ
Başlık 'Alā' Uddawla Simnānī :
Alt Eseradı vb. opera minora =
-- 'Alâ' Üddevle Simnânî :
-- küçük eserleri/
Sorumluluk Bildirimi Aḥmad ibn Muḥammad Simnānī ; 'Alâ'uddawla Simnânî ; edited by W.M. Thackston, Jr..
264 #1 - ÜRERİM, YAYIN, DAĞITIM ve TELİF BİLDİRİMİ
Yayın yeri [Cambridge, Mass.] :
Yayınlayan Harvard Univesity Office of the University Publisher
Yayın tarihi 1988
300 ## - FİZİKSEL TANIMLAMA
Sayfa, Cilt vb. xxxi, 263 pages ;
Boyutları 28 cm.
336 ## - İÇERİK TÜRÜ
Content type term metin
Content type code txt
Source rdacontent
337 ## - MEDYA TÜRÜ
Media type term aracısız
Media type code n
Source rdamedia
338 ## - TAŞIYICI TÜRÜ
Carrier type term cilt
Carrier type code nc
Source rdacarrier
490 1# - DİZİ BİLDİRİMİ
Dizi Bildirimi Doğu dilleri ve edebiyatlarının kaynakları ;
Cilt Numarası 10.
490 1# - DİZİ BİLDİRİMİ
Dizi Bildirimi Islam kaynakları ;
Cilt Numarası 2 =
Dizi Bildirimi Sources of Oriental languages and literatures ;
Cilt Numarası 10.
490 1# - DİZİ BİLDİRİMİ
Dizi Bildirimi Islamic sources ;
Cilt Numarası 2
500 ## - GENEL NOT
Genel Not Title on added t.p.: Küçük eserleri.
500 ## - GENEL NOT
Genel Not Title on p. [4] of cover: Rasâ'il.
500 ## - GENEL NOT
Genel Not Includes bibliographical references and indexes.
500 ## - GENEL NOT
Genel Not Text in Mediaeval Persian and Arabic; introductory matter in English.
650 #0 - KONU BAŞLIĞI EK GİRİŞ - KONU TERİMİ
Konusal terim veya coğrafi ad Tasavvuf -- 1800'e kadar erken eserler.
9 (RLIN) 124312
650 #0 - KONU BAŞLIĞI EK GİRİŞ - KONU TERİMİ
Konusal terim veya coğrafi ad Sufism--Early works to 1800.
9 (RLIN) 10678
830 1# - SERİ EK GİRİŞİ - TEKBİÇİM ESER ADI
Tekbiçim Başlık Doğu dilleri ve edebiyatlarının kaynakları ;
Volume number/sequential designation 10.
9 (RLIN) 85097
830 1# - SERİ EK GİRİŞİ - TEKBİÇİM ESER ADI
Tekbiçim Başlık Islam kaynakları ;
Volume number/sequential designation 2 =
Tekbiçim Başlık Sources of Oriental languages and literatures ;
Volume number/sequential designation 10.
9 (RLIN) 124313
830 1# - SERİ EK GİRİŞİ - TEKBİÇİM ESER ADI
Tekbiçim Başlık Islamic sources ;
Volume number/sequential designation 2
9 (RLIN) 124288
907 ## - LOCAL DATA ELEMENT G, LDG (RLIN)
a Din
942 ## - EK GİRİŞ ÖGELERİ (KOHA)
Source of classification or shelving scheme Library of Congress Classification
Koha item type Book
Holdings
Materyal Türü Kalıcı Konum Mevcut Konum Raf Yeri Sınıflandırma Kaynağı Edinim Bilgisi Ana Konular Alt Konular Yer Numarası Demirbaş Numarası Fatura Tarihi Geri Çekilme Durumu Kayıp Durumu Hasarlı Durumu Kredi için değil Kayıt Tarih Toplam Ödünçverme Toplam Yenileme Son Görülme Tarihi Son Kontrol Tarihi Genel / Bağış Notu
Book Prof. Dr. Azmi Özcan Kütüphanesi Prof. Dr. Azmi Özcan Kütüphanesi Uluğbey Salonu Library of Congress Classification Bağış FELSEFE, PSİKOLOJİ, DİN İslam, Bahailik, Teozofi vb. BP189.23 .S56 1988 0065997 02/02/2026         04/03/2021   2 03/04/2026 05/03/2025 Millet Kütüphanesi [Cumhurbaşkanlığı Külliyesi]